[Event "Euwe Intern"]
[Site "?"]
[Date "2004.09.09"]
[Round "2"]
[White "Witt, Rob"]
[Black "Westera, Bert"]
[Result "0-1"]
[WhiteElo "2204"]
[BlackElo "1981"]
[Annotator "Westera"]
[PlyCount "76"]

{Het nieuwe element in deze partij uit de interne van het lopende jaar is dat
BEIDE spelers er in slagen een briljante winst te missen...} 1. d4 Nf6 2. c4 g6
3. Nc3 Bg7 4. e4 d6 5. Be2 O-O 6. Nf3 e5 7. O-O Nc6 8. d5 Ne7 9. Ne1 Ne8 ({
Ik speel zelden Konings-Indisch en het leek mij niet zo handig om onvoorbereid
modieuze systemen toe te latenmet} 9... Nd7) 10. Be3 f5 11. f3 h5 12. c5 f4 13.
Bf2 Rf7 14. a4 a5 $5 {Een radicale stoppoging die de zwarte velden op de
b-lijn jammerlijk verzwakt. Maar is de essentie van de KID dan niet dat zwart
een verloren stelling op de damevleugel accepteert, als op de koningsvleugel
het tegenovergestelde maar wordt bereikt?} 15. Nb5 g5 16. cxd6 Nxd6 17. Nc2 $5
Ng6 ({Wit voorziet de ruil van een stel en brengt alvast zijn andere paard
over om in het gat te duiken. Volgens oom Fritz kan zwart nu bijna gelijkspel
bereiken met} 17... h4 $5 {(besmuikt gelach)}) 18. Nxd6 cxd6 $2 ({Tevoren was
het mijn bedoeling geweest} 18... Qxd6 $5 {te spelen. Maar nu durfde ik het
niet aan vanwege een hersenschim:} 19. Na3 Bf8 20. Nb5 Qf6 {en ik kneep hem
voor} 21. d6 Bxd6 22. Bc4 {helemaal missend dat de dame nu e6 dekt en} Be6 {
gewoon zou kunnen. Na de partijzet valt nu niet zozeer mijn plan in duigen 
(dat toch eendimensionaal is), maar de damevleugel wel....}) 19. Na3 Bf8 20.
Nc4 Ra6 $5 {Een noodma atrege l om alles nog even bij elkaar te houden. Na
deze zet bleef Rob voor het eerst wat langer aan het bord zitten om geen
koffie te drinken. Voor mij een duidelijk teken dat de partij strategisch
reeds beslist was en nog even technisch moest worden uitgespeeld. Dat blijkt
echter nog niet zo eenvoudig....} 21. Kh1 $1 ({Rustige voorbereiding. Ik denk
terecht, want directe actie tegen de zwarte damevleugel lijkt nog niet
overtuigend, bijvoorbeeld:} 21. Qb3 g4 22. Bb6 Qg5 23. Rac1 (23. Nxa5 Ra8 $1
$13) 23... Bd7 $1 {en nu is materiaalwinst niet zonder risico voor wit:} 24.
Nxa5 $6 (24. Bxa5 Nh4 $132) 24... Bxa4 $1 25. Qb4 Rxb6 26. Qxb6 Nh4 $44 {
Na bijvoorbeeld het plausibele} 27. Rc8 {heeft zwart} Nxg2 $1 28. Qd8 $8 ({
Wit kan intussen ook al verliezen:} 28. Rxf8+ Rxf8 29. Kxg2 gxf3+ 30. Kxf3 Qg4+
31. Kf2 f3 32. Rg1 fxe2+ 33. Ke1 Rf1+ 34. Rxf1 exf1=Q+ 35. Kxf1 Qf4+ $17 36.
Kg1 Qg5+ 37. Kf1 Bc2 38. Qg1 $2 Bd3+ 39. Kf2 Qxg1+ 40. Kxg1 Kf7 $1 41. Nxb7 Ke7
$19) 28... Qxd8 29. Rxd8 Ne3 $132) 21... Rg7 22. Rc1 Bd7 23. Qb3 g4 24. Qxb7 ({
Vrijwel winnend, evenals het alternatief} 24. Nb6 {waarna zwart wel bijna
gedwongen is de kwaliteit te geven met:} Rxb6 25. Qxb6 Qg5 {met misschien een
zweem van compensatie door de nog vage dreigingen tegen de witte koning.})
24... Bc8 {Nu niet ten koste van een kwaliteit maar van een pionnetje wint
zwart tijd om tot tegenspel te komen. Althans, zo lijkt het...} 25. Qb3 $6 {
Spelbederf!} ({Wit kon hier briljant winnen met het schitterende dame-offer} 
25. Qb8 $3 Rb7 {(mijn bedoeling en de zet die Rob aangaf tevoren te hebben
gemist)} 26. Qxc8 $1 Qxc8 27. Nxe5 $1 gxf3 $1 28. gxf3 $1 (28. Bxa6 $2 fxg2+
29. Kxg2 Nh4+ $1 30. Kh1 $8 Qh3 $132) 28... Qb8 29. Nxg6 (29. Bxa6 $2 Nxe5 30.
Bxb7 Qxb7 $17) 29... Ra8 30. Rg1 {Met twee lichte stukken en een paar pionnen
voor de dame domineert wit de stelling zodanig dat hij gewonnen staat.
Bijvoorbeeld:} Bh6 ({of} 30... Rxb2 31. Bd4 Rb4 32. Nxf4+ Kf7 33. Ne6 $18) ({of
} 30... Bg7 31. Nxf4 Kh8 32. Ne6 Bxb2 33. Rc6 Bf6 34. Rg6 Be5 35. f4 Rb2 36.
fxe5 Rxe2 37. Bb6 $18) 31. Rc8+ Qxc8 32. Ne7+ Kf7 33. Nxc8 Rxc8 34. Bb5 Rc2 35.
Bd4 Rd2 36. Bc3 Rf2 37. e5 dxe5 38. d6 $18 {Toegegeven, er moet zeer
nauwkeurig voor worden gespeeld, maar al met al een verbluffendoffer!}) 25...
g3 $132 26. Bg1 $2 ({En ongelooflijk genoeg staat wit na deze voor de hand
liggende verdedigingszet reeds verloren! Er waren nog een winnende en een
kansrijke zet. Na desterkste} 26. hxg3 $1 Qg5 $8 ({fraai wint wit na} 26...
fxg3 27. Bxg3 Nh4 28. f4 exf4 29. Rxf4 Nxg2 30. Rxf8+ $1 Qxf8 31. Nxd6 Rxd6 32.
Bxd6 Qxd6 33. Rxc8+ Kh7 34. Bd3 $18) 27. gxf4 Nxf4 28. Ne3 Ra8 $8 {krijgt
zwart onvoldoende tegenspel, bijvoorbeeld} 29. Bb5 h4 30. Rg1 $1 {en
compensatie voor de twee minuspionnen is niet te bespeuren.} ({maar voor al
niet} 30. Rc2 $2 Nxg2 31. Rg1 h3 32. Bc6 Raa7 33. Nf5 h2 $1 $36)) ({Ook nog
goed voor wit, zij het minder overtuigend was} 26. Nb6 Bb7 27. Bxa6 Bxa6 28.
hxg3 Bxf1 29. Rxf1 Qg5 $132 {Na de partijzet komt de kracht van de zwarte
opstellling opeens tot volle ontplooiing.}) 26... Nh4 27. Rfd1 ({Evenmin
ontoereikend is} 27. Bb6 Qg5 28. h3 Bxh3 29. Rg1 Nf5 $1 {en zwart wint gezien}
30. exf5 Qh4 31. Rgd1 Bxf5+ 32. Kg1 Rxb6 33. Qxb6 Rb7 $1 34. Qxb7 Qh2+ 35. Kf1
Qh1#) 27... Bh3 ({Het sterktse, al was de mogelijkheid} 27... gxh2 $5 28. Bxh2
Rxg2 29. Bf1 Qg5 30. Rd2 Bh3 31. Qd1 Rxd2 32. Qxd2 Nxf3 $17 {ook al goed voor
zwart.}) 28. Bf1 Nxg2 $2 {Spelbederf!} ({Het ontging me eenvoudig, misschien
mag ik het wijten aan inmiddels flinke tijdnood, dat het direct openen van de
g-lijn niet alleen aangewezen, maar zelfs winnend was:} 28... gxh2 $1 29. Bb6 (
{of} 29. Bxh2 Rxg2 $1 30. Rc2 Qg5 $19) ({en} 29. Bf2 Qg5 30. Kxh2 Bxg2 31. Be2
Nf5 $1 32. Nxe5 $1 Ng3 $1 $19 {met winststellingen voor zwart}) 29... Rxb6 {
en zwart kan zich op fraaie wijze naar winst combineren:} 30. Qxb6 Rxg2 $3 31.
Qxd8 ({of kansloos} 31. Bxg2 Bxg2+ 32. Kxh2 Qg5 $19) 31... Rg1+ 32. Kxh2 Nxf3+
33. Kxh3 Rg3# {Het gekke is dat Rob en ik na afloop van de partij nog naar een
dergelijk dameoffer keken, maar op een moment in de partij dat het niet werkte.
Ik ben, kortom, een sukkel om zo'n opgelegde kans om briljant van een speler
van Robs kaliber te winnen te missen!}) ({En als ik dan perse eerst op g2
wilde slaan had ik het natuurlijk anders moeten spelen, namelijk:} 28... Bxg2+
29. Bxg2 gxh2 30. Bxh2 Rxg2 31. Rg1 Rxg1+ $8 32. Rxg1+ Kh8 33. Qb7 Nxf3 $8 $132
{met remise als waarschijnlijk resultaat, bijvoorbeeld} 34. Qxa6 Qh4 35. Rg2
Nxh2 36. Rxh2 Qe1+ 37. Kg2 Qg3+ $11 {Na de onnozele partijzet houdt wit alles
eenvoudig bijelkaar en wint alsnog materiaal.}) 29. Rd2 $1 {Zwart is gezien.
Een van zijn lichte stukken blijft hoe dan ook hangen.} gxh2 30. Bxh2 Qg5 31.
Rcc2 $6 ({Nog sterker} 31. Re2 Raa7 32. Rcc2 $18) 31... Ne1 32. Bxh3 Nxc2 33.
Qxc2 Qh4 34. Be6+ Kh8 35. Rd1 Raa7 36. Qe2 $6 ({Met mijn vlag op vallen begint
Rob zicht te bezondigen aan een elementaire fout: hij gaat mee vluggeren in
plaats van met een kwartier op de klok rustig naar de genadeslag te zoeken.
Die was nu uittedelenmet} 36. Nxd6 $1 Bxd6 37. Qc8+ Kh7 38. Bf5+) 36... Rg3 37.
Rf1 Rag7 38. Rf2 $4 ({Een absoluut verbijsterende zet, die ik hierbij
kandideer voor de GARGL-trofee (bestaande uit een glas gevuld met bier), die
ik bij deze in het leven roep voor de slechtste zet van het seizoen. Eenvoudig
winnend was} 38. Nxa5 Rg2 39. Qxg2 Rxg2 40. Kxg2 $18) 38... Rg1# 0-1

[Event "Euwe Intern"]
[Site "?"]
[Date "2004.09.09"]
[Round "2"]
[White "Witt, Rob"]
[Black "Westera, Bert"]
[Result "0-1"]
[WhiteElo "2204"]
[BlackElo "1981"]
[Annotator "Moll,A/Witt"]
[PlyCount "76"]
[EventDate "2004.??.??"]

{(Noot redactie: Onderstaand commentaar is van Arne Moll, Rob Witt levert
daarop binnen vierkante haken commentaar) Bert analyseert deze fascinerende
partij op geestige en nauwkeurige wijze. Toch denk ik dat de 'geschiedenis'
van de partij nadere nuancering behoeft. Ik wil voorop stellen dat ik de
partij benader als een volstrekte Konings-Indisch amateur, de subtiliteiten
van deze opening zijn mij altijd ontgaan, maar misschien helpt juist een
'ruime' blik.} 1. d4 Nf6 2. c4 g6 3. Nc3 Bg7 4. e4 d6 5. Be2 O-O 6. Nf3 e5 7.
O-O Nc6 8. d5 Ne7 9. Ne1 Ne8 10. Be3 f5 11. f3 h5 {Volgens mij is dit niet de
meest gebruikelijke zet. Normaal is gewoon f4 en g5. Het nadeel van de
tekstzet lijkt me, zeker met een paard op e8, dat zwart nooit meer een stuk
naar h5 kan spelen (Pe8-g7-h5), en vooral dat zwart tijd verliest waarvan wit
snel kan profiteren.} 12. c5 $1 {Mogelijk omdat het paard niet op d7 staat
maar op e8.} f4 13. Bf2 Rf7 {Opnieuw lijkt me dit niet de meest optimale
methode. Weliswaar is het plan met Tf7 en Lf8 bekend, maar waarom je nu al
vastleggen terwijl je nog niet weet hoe wit zich gaat opstellen? De zet g5 kan
altijd gespeeld worden, waarom dat niet eerst} 14. a4 a5 $6 {Een gekke zet.
Wit heeft al c5 gespeeld, en zwart hoeft b2-b4 dus niet te verhinderen. Nog
steeds leek me g5 aangewezen.} 15. Nb5 g5 {Eindelijk.. maar wit heeft veel
meer voortgang geboekt dan zwart.} 16. cxd6 Nxd6 $2 {Westera gaat aan dit
belangrijke moment voorbij. De tekstzet lijkt me een grote strategische fout,
waar wit m.i. niet optimaal van profiteert.} ({Beter was} 16... cxd6 {al
blijft wit goed staan. [Witt: Ik geloof niet dat dit een grote strategische
fout is. Er zijn prachtige partijen van specialisten als John Nunn en Judith
Polgar waar ook zo teruggeslagen wordt en daarna eventueel Lg7-f8xd6. Zwart
staat slechter door Tf7 en vooral a5.]}) 17. Nc2 $2 {Mijn kritiek op wit in
deze partij is dat hij teveel volgens de 'standaard'-plannen wil spelen.
Natuurlijk is het nuttig om het paard via a3 en c4/b5 bij het spel te
betrekken, maar nu krijgt zwart alsnog de kans om zich enigszins te
hergroeperen. Het vraagteken staat er dus niet vanwege schaaktechnische
redenen, maar vanwege het feit dat wit verzuimt een 'rare' zet als Pxd6 te
signaleren als een teken dat er direct actie moet worden ondernomen, i.p.v.
met de standaardmanoeuvres door te gaan. [Witt: Hier ben ik het totaal oneens
met Arne. Nogmaals Pxd6 is geen rare zet en Arne's opmerking over
standaardplannen begrijp ik al helemaal niet. Ik heb de manoeuvre Pe1-c2-a3-c4
nog nooit gezien in dit type stelling. Zelf vond ik het juist tamelijk
creatief i.p.v. het schablone Tc1 waar ik wel degelijk naar gekeken heb.]} ({
Wat was er mis met het simpele} 17. Rc1 $1 {waarna zwart is grote problemen is,
men zie:} Nxb5 (17... Ng6 18. Qc2 Nxb5 19. Bxb5 $16 {[Witt: Deze stelling heb
ik gezien en inderdaad staat wit goed, maar zeker niet beter dan in de partij
na} Bf8 $1 {De zwarte stelling met de loper op d6 is niet zo makkelijk te
kraken]}) 18. Bxb5 Rf6 19. Nd3 $16 {en wit houdt groot voordeel zonder dat
zwart enig tegenspel heeft - hij moet steeds alert blijven op de break d5-d6.
Dit is het grote verschil met de partij.}) 17... Ng6 18. Nxd6 ({Misschien zou
ik de voorkeur aan een rustige zet als} 18. Rc1 $5 {gegeven hebbe n, om de
spanning te handhaven. [Witt: Opnieuw oneens. Zwart speelt opnieuw Lf8 en zet
zijn loper op d6.]}) 18... cxd6 $1 {Nu krijgt zwart altijd tegenspel op de
koningsvleugel - of dit tegenspel nu zal werken of niet is minder relevant.} ({
Bert noemt} 18... Qxd6 {interessant, maar om bovengenoemde redenen lijkt het
me principieel onjuist.}) 19. Na3 Bf8 20. Nc4 Ra6 21. Kh1 {[Witt: Arne geeft
geen commentaar bij deze zet. Maar achteraf lijkt me deze zet overbodig.
Meteen Tc1 was beter geweest.]} Rg7 22. Rc1 Bd7 23. Qb3 g4 {De opmars tot de
bekende acties op de koningsvleugel. Dit is m.i. het kritieke moment van de
partij. Tot nu toe heeft wit goed gespeeld, al had ik zelf denk ik gekozen
voor een andere bestrijdingswijze. Wit heeft een strategisch gewonnen stelling
maar zwart heeft altijd die kansjes op de koningsvleugel.. Wit zal
ongetwijfeld de zet Pb6 gezien hebben, waarna zwart een kwaliteit moet offeren
(zoals Bert terecht opmerkt). Maar dan... zwart zet g3 door en wit moet heel
nauwkeurig spelen om zijn voordeel te verzilveren. Waarom dus niet 'gewoon' op
b7 nemen, valt de toren op a6 aan en dreigt alsnog Pb6...?} 24. Qxb7 $2 {
Hoewel dit volgens Bert de inleiding is had moeten worden tot een briljant
dameoffer, ben ik niet overtuigd. Hoe je het ook wendt of keert, zwart krijgt
nu opeens reeele kansen. Bovendien denk ik dat de tekstzet echt een fout is,
maar dat zal ik hieronder nader proberen aan te tonen.} (24. Nb6 $1 {[Witt: Ik
ben het volkomen eens met Arne dat dit de beste is.]} Rxb6 25. Qxb6 Qg5 $16 {
biedt zwart inderdaad wat rommelkansjes, hoewel het met goed spel van wit
onvoldoende moet zijn. Toch geeft het aan dat de stelling niet zo verloren
voor zwart was als Bert wel dacht.}) 24... Bc8 $1 25. Qb3 $2 {[Witt: Zowel
Arne als Bert laten dit vraagteken staan. Ik ben het daar niet mee eens. Na
mijn fout 24.Dxb7? is dit m.i. de beste zet. Dat dameoffer speel je niet in
een praktische partij. Bovendien is het niet helemaal overtuigend en bovendien
sta ik nog steeds beter na 25.Db3 zoals uit het vervolg blijkt. Zowel na 26.
hxg3 als na 26.Pb6!?]} ({Juist was} 25. Qb8 $3 {Westera} Rb7 26. Qxc8 $1 Qxc8
27. Nxe5 $1 {en nu analyseert Bert alleen 27...gxf3, hetgeen ook tot
interessantestellingen leidt waarin zwart zeker niet kansloos is, maar beter
is hier denk ik} Rc7 $1 28. Rxc7 Qxc7 29. Nxg6 (29. Bxa6 Nxe5 $17) 29... Ra8
30. Nxf4 Rb8 {met een zeer onduidelijke stelling, waarin wit zeer nauwkeurig
zal moeten spelen om eventueel voordeel aan te tonen. Zijn stukken staan nog
lang niet optimaal en zwart kan snel de witte damevleugel opeten. Als wit het
al van dit dameoffer hebben, geeft het wel aan dat zwart prima tegenspel
gekregen heeft in de afgelopen fase.}) 25... g3 {Natuurlijk.} 26. Bg1 $2 {
Deze natuurlijke zet leidt tot een verloren stelling. 'If such a natural move
is a mistake, then what kind of position is this?' zoals Fischer ooit zei.
Maar ook na het betere hxg3 krijgt zwart gevaarlijke kansen.} (26. hxg3 {
Volgens Bert had dit nog voordeel opgeleverd, maar daar ben ik niet zeker vanna
} Qg5 27. gxf4 Nxf4 28. Ne3 Bh3 $3 {en nu:} 29. gxh3 (29. Rg1 Nxe2 30. gxh3
Nxc1 $1) 29... Nxe2 30. Qc4 ({[Witt: Waarom mag ik mijn toren op c1 niet
weghalen? Bijv.} 30. Rc8 Rf7 (30... Ng3+ 31. Bxg3 Qxg3 32. Rc2 {met hopeloze
stelling voor zwart.}) 31. Nf5 Rxf5 32. Rc2 $1 Rf7 33. Rxe2 {en zwart heeft
nauwelijks compensatie voor zijn 2 pionnen.]}) 30... Nxc1 31. Qxa6 Qf4 $1 $13 {
en wie het weet mag het zeggen. Ik denk dat zwart hier zeker in de praktijk
goede aanvalskansen heeft.}) ({[Witt: Volgens mij heeft wit hier nog een goeie:
} 26. Nb6 gxf2 (26... Rxb6 27. Qxb6 Qh4 28. Bg1 Bh3 29. Rfd1 {is ook niks voor
zwart.}) ({Het beste is misschien} 26... Bb7 27. Bg1 gxh2 28. Bf2 Nh4 29. Bxh4
Qxh4 30. Bxa6 Bxa6 31. Nc4 {maar ook dit ziet er slecht uit voor zwart.]}) 27.
Nxc8 Ra8 28. Qc2 {en zwart heeft geen aanval.}) 26... Nh4 {Nu is het opeens
uit op g2 - het veld waar alles om draait in hetKonings-Indisc h.} 27. Rfd1 Bh3
$1 28. Bf1 Nxg2 $4 (28... gxh2 $1 {wint fraai, zoals Westera aantoont.}) 29.
Rd2 $1 $18 {en wit staat op winst, die hij echter later op vreselijke wijze
nog vergooit. De rest van de zetten geef ik zonder commentaar. Ik hoop te
hebben aangetoond dat beide spelers tijdens de partij afwisselend te
optimistisch en tepessimisti sch waren over hun kansen. De stellingen blijven
echter ongelooflijk moeilijk en ik ben benieuwd of de lezer nog verbeteringen
vindt.} gxh2 30. Bxh2 Qg5 31. Rcc2 Ne1 32. Bxh3 Nxc2 33. Qxc2 Qh4 34. Be6+ Kh8
35. Rd1 Raa7 36. Qe2 Rg3 37. Rf1 Rag7 38. Rf2 Rg1# 0-1